| 000 | 00990cam a2200193 4500 | ||
|---|---|---|---|
| 001 | WB3927-07 | ||
| 008 | 030716n2003 000 0 eng u | ||
| 035 | _a(Sirsi) u123021 | ||
| 245 | _aExpansion in renewable energy announced | ||
| 260 | _c2003 | ||
| 490 |
_aDTI Press Release _v(P/2003/403) 14 July 2003 (2) |
||
| 520 | _aThe DTI has announced the biggest ever expansion in renewable energy, aiming to power one in six UK households by offshore windfarms. A recent survey by the British Wind Energy Association had revealed that 75% of bill payers supported the increased use of wind power. Copies of the government Energy White Paper are available online from http://www.dti.gov.uk/energy/whitepaper/index.shtml. http://www.gnn.gov.uk/gnn/national.nsf/TI/E5FB18E70F205F8080256D630034F27A?opendocument | ||
| 590 | _aWB | ||
| 650 | _aRENEWABLE ENERGY | ||
| 650 | _aOFFSHORE WIND POWER | ||
| 650 | _aWINDFARMS | ||
| 690 | _aENVIRONMENTAL AND LAND CONSULTANCY-ENERGY | ||
| 942 | _n0 | ||
| 999 |
_c73057 _d73057 |
||